Código de Comercio de la República Argentina : 2011 /

Guardado en:
Formato: Libro
Idioma:Spanish
Publicado: Buenos Aires : Abeledo Perrot, 2011
Edición:32º ed.
Materias:
Etiquetas: Agregar Etiqueta
Sin Etiquetas, Sea el primero en etiquetar este registro!
LEADER 00487nam a22001455a 4500
001 DER.der011292
005 20171026000000.0
008 180615s2011####||||||||||||||||||||spa||
020 |a 978-950-20-2159-1 
245 1 0 |a Código de Comercio de la República Argentina :  |b 2011 /  |c  Argentina - Códigos 
250 |a 32º ed. 
260 |a Buenos Aires :  |b Abeledo Perrot,  |c 2011 
300 0 |a 984 p. 
653 |a CODIGO DE COMERCIO DE LA REPUBLICA ARGENTINA 
859 |a DERECHO  |b BIB. DERECHO  |h 348.023  |i ARG  |p 006675